| 000 -LEADER |
| fixed length control field |
00686nam a22001937a 4500 |
| 005 - DATE AND TIME OF LATEST TRANSACTION |
| control field |
20250918162409.0 |
| 008 - FIXED-LENGTH DATA ELEMENTS--GENERAL INFORMATION |
| fixed length control field |
250918s2008 gw ||||| |||| 00| 0 goh d |
| 020 ## - INTERNATIONAL STANDARD BOOK NUMBER |
| International Standard Book Number |
9783423033435x |
| 041 ## - LANGUAGE CODE |
| Language code of text/sound track or separate title |
goh |
| 080 ## - UNIVERSAL DECIMAL CLASSIFICATION NUMBER |
| Universal Decimal Classification number |
821.112.09 B-78 |
| 100 ## - MAIN ENTRY--PERSONAL NAME |
| Personal name |
Borries, Erika. |
| 9 (RLIN) |
25836 |
| 245 ## - TITLE STATEMENT |
| Title |
Deutsche Literaturgeschichte : |
| Remainder of title |
Band 3 / |
| Statement of responsibility, etc. |
Ernst von Borries, Erika von Borries. |
| 264 ## - PRODUCTION, PUBLICATION, DISTRIBUTION, MANUFACTURE, AND COPYRIGHT NOTICE |
| Place of production, publication, distribution, manufacture |
München: |
| Name of producer, publisher, distributor, manufacturer |
Deutscher Taschenbuch Verlag, |
| Date of production, publication, distribution, manufacture, or copyright notice |
2008. |
| 300 ## - PHYSICAL DESCRIPTION |
| Extent |
317 p. |
| Other physical details |
20 cm. |
| 653 ## - INDEX TERM--UNCONTROLLED |
| keyword |
გერმანული ლიტერატურის ისტორია |
| 653 ## - INDEX TERM--UNCONTROLLED |
| keyword |
კლასიკა |
| 700 ## - ADDED ENTRY--PERSONAL NAME |
| Personal name |
Borries, Ernst |
| Relator term |
ავტორი |
| 9 (RLIN) |
25837 |
| 942 ## - ADDED ENTRY ELEMENTS (KOHA) |
| Source of classification or shelving scheme |
|
| Koha item type |
წიგნი |